Statistics for Countries That End In A But Not IA

Click here to take the quiz!

General Stats

  • This quiz has been taken 68 times
  • The average score is 24 of 35

Answer Stats

Answer% Correct
Argentina
90%
Andorra
81%
Angola
80%
Antigua and Barbuda
80%
Canada
80%
Ghana
76%
Guatemala
76%
Panama
76%
Samoa
76%
China
75%
Kenya
75%
Guinea
71%
South Africa
71%
South Korea
71%
Botswana
69%
Dominica
69%
Nicaragua
69%
Costa Rica
68%
Cuba
68%
Rwanda
68%
Uganda
68%
Venezuela
68%
Eritrea
66%
Guyana
64%
Jamaica
64%
North Korea
64%
Tonga
64%
Libya
63%
Malta
63%
Grenada
61%
Moldova
58%
Equatorial Guinea
53%
Sri Lanka
53%
Papua New Guinea
51%
Bosnia and Herzegovina
27%

Score Distribution

Percentile by Number Answered

Percent of People with Each Score

Your Score History

You have not taken this quiz